[Event "Foment Martinenc op-C 21st"]
[Site "Barcelona"]
[Date "2019.06.01"]
[Round "6"]
[White "Losada Torroella, Carles"]
[Black "Gonzalez Memm, Mateu"]
[Result "0-1"]
[WhiteElo "1614"]
[BlackElo "1450"]
[PlyCount "98"]
[EventDate "2019.04.27"]
[EventType "swiss"]
[EventRounds "9"]
[EventCountry "ESP"]
[SourceTitle "EXT 2020"]
[Source "ChessBase"]
[SourceDate "2019.10.17"]
[SourceVersion "1"]
[SourceVersionDate "2019.10.17"]
[SourceQuality "1"]

1. e4 e5 2. Nf3 Nc6 3. Bc4 Bc5 4. 0-0 Nf6 5. d3 h6 6. h3 d5 7. exd5 Nxd5 8. Re1 0-0 9. c3 Nb6 10. Bb3 Re8 11. Be3 Qd6 12. Bxc5 Qxc5 13. d4 Qa5 14. Bc2 Nd5 15. b4 Qb5 16. a4 Qc4 17. Bd3 Nxc3 18. Bxc4 Nxd1 19. Rxd1 Nxb4 20. dxe5 Nc2 21. Ra2 Bf5 22. Na3 Nb4 23. Rb2 c5 24. Nb5 Rab8 25. Nd6 Red8 26. Bxf7+ Kf8 27. Nh4 Nd3 28. Rbd2 Nxe5 29. Nhxf5 Nxf7 30. Nxf7 Rxd2 31. Rxd2 Kxf7 32. Rd7+ Ke6 33. Rc7 Kxf5 34. Rxc5+ Kg6 35. Rc7 a6 36. g4 b5 37. Rc6+ Kf7 38. axb5 axb5 39. Rc3 b4 40. Rb3 Ke6 41. Kf1 Kd5 42. Ke2 Kc4 43. Rb1 b3 44. Kd2 g5 45. f3 Kb4 46. Kc1 Ka3 47. Rb2 Rb4 48. Kb1 Rd4 49. Ka1 Rd1+ 0-1

[Event "Foment Martinenc op-B 20th"]
[Site "Barcelona"]
[Date "2018.06.02"]
[Round "7"]
[White "Gomez Rivera, Judit"]
[Black "Losada Torroella, Carles"]
[Result "1-0"]
[WhiteElo "1372"]
[BlackElo "1339"]
[PlyCount "47"]
[EventDate "2018.04.21"]
[EventType "swiss"]
[EventRounds "9"]
[EventCountry "ESP"]
[SourceTitle "CBM 184 Extra"]
[Source "ChessBase"]
[SourceDate "2018.06.28"]
[SourceVersion "1"]
[SourceVersionDate "2018.06.28"]
[SourceQuality "1"]

1. e4 e5 2. Nf3 Nc6 3. Bc4 Bc5 4. c3 d6 5. d3 Nf6 6. a4 a5 7. Nbd2 0-0 8. 0-0 Bg4 9. Re1 Ba7 10. Nf1 h6 11. h3 Bh5 12. Ng3 Bg6 13. Nh2 Re8 14. Qf3 Qd7 15. Be3 Bxe3 16. Qxe3 Rad8 17. Nf3 Qe7 18. Nh4 Bh7 19. Ngf5 Qf8 20. Qg3 Bxf5 21. Nxf5 g6 22. Qxg6+ Kh8 23. Qxf6+ Kh7 24. Bxf7 1-0

[Event "Foment Martinenc op-B 19st"]
[Site "Barcelona"]
[Date "2017.05.27"]
[Round "6.17"]
[White "Izquierdo Pujol, Pol"]
[Black "Losada Torroella, Carles"]
[Result "0-1"]
[WhiteElo "1486"]
[BlackElo "1289"]
[PlyCount "110"]
[EventDate "2017.04.22"]
[EventType "swiss"]
[EventRounds "9"]
[EventCountry "ESP"]
[SourceTitle "EXT 2024"]
[Source "ChessBase"]
[SourceDate "2023.10.10"]
[SourceVersion "1"]
[SourceVersionDate "2023.10.10"]
[SourceQuality "1"]

1. e4 d6 2. d4 Nf6 3. Nc3 g6 4. Nf3 Bg7 5. Bc4 0-0 6. 0-0 c6 7. Bd3 Bg4 8. Bf4 b5 9. h3 Bxf3 10. Qxf3 Nbd7 11. d5 cxd5 12. exd5 a6 13. Rae1 Re8 14. Re3 b4 15. Na4 Qa5 16. b3 Nxd5 17. Bc4 Nxe3 18. Bxe3 Ne5 19. Bxf7+ Nxf7 20. Rd1 Rac8 21. Rd5 Qd8 22. Bb6 Qd7 23. Bc5 Rxc5 24. Nxc5 Qc6 25. Nd3 e6 26. Nxb4 Qa8 27. Rd3 Qxf3 28. Rxf3 Ne5 29. Rc3 a5 30. Nc6 Nxc6 31. Rxc6 Rd8 32. Ra6 Bc3 33. Kf1 e5 34. Ke2 d5 35. Rc6 d4 36. Kd3 Rf8 37. f3 Kg7 38. Re6 Rf5 39. Ke4 Kf7 40. Rb6 Kg7 41. Rb5 Kf6 42. a3 Rf4+ 43. Kd3 Kf5 44. b4 axb4 45. axb4 Ke6 46. Rb8 h5 47. b5 Rf7 48. b6 Kd6 49. Rc8 Rb7 50. Rd8+ Kc5 51. Ke4 Rxb6 52. Rd5+ Kb4 53. Rxe5 Ka3 54. Kd3 Kb2 55. g4 Rd6 0-1

[Event "Foment Martinenc op-B 18th"]
[Site "Barcelona"]
[Date "2016.06.04"]
[Round "7"]
[White "Losada Torroella, Carles"]
[Black "Fernandez Garcia, Jesus"]
[Result "0-1"]
[WhiteElo "1829"]
[BlackElo "1660"]
[PlyCount "112"]
[EventDate "2016.04.23"]
[EventType "swiss"]
[EventRounds "9"]
[EventCountry "ESP"]
[SourceTitle "EXT 2017"]
[Source "ChessBase"]
[SourceDate "2016.10.25"]
[SourceVersion "1"]
[SourceVersionDate "2016.10.25"]
[SourceQuality "1"]

1. d4 d5 2. c4 e6 3. Nc3 Bb4 4. Nf3 Nf6 5. e3 Ne4 6. Qc2 Nd7 7. Bd3 Bxc3+ 8. bxc3 Ndf6 9. Ba3 c6 10. 0-0 Qa5 11. Bb4 Qc7 12. cxd5 exd5 13. Ne5 Be6 14. f3 Nd6 15. Bxd6 Qxd6 16. Rfb1 Rb8 17. c4 dxc4 18. Bxc4 0-0 19. Bxe6 fxe6 20. Rb3 Nd7 21. Nc4 Qc7 22. Rab1 Rf6 23. f4 b6 24. Nd2 Re8 25. Ne4 Rg6 26. Ng3 Nb8 27. a4 Qe7 28. Qe4 Qh4 29. Rf1 Rh6 30. Kf2 Rg6 31. f5 Qxe4 32. Nxe4 exf5 33. Nd2 Rge6 34. Re1 Nd7 35. Nc4 Rf6 36. g3 Re4 37. Nd2 Re8 38. Kg2 h5 39. Kh3 g5 40. Kg2 Kg7 41. Nf3 Kg6 42. Rb2 Rfe6 43. Rbe2 g4 44. Nd2 Kg5 45. h4+ gxh3+ 46. Kxh3 Nf6 47. Nf3+ Kh6 48. Nh4 Ng4 49. Nxf5+ Kg6 50. Nh4+ Kg5 51. Nf3+ Kh6 52. e4 Rf8 53. Kg2 Rc8 54. e5 Rd8 55. Rd2 Rd5 56. Red1 Ne3+ 0-1

[Event "Sant Adria de Besos op 12th"]
[Site "Sant Adria de Besos"]
[Date "2016.05.22"]
[Round "5"]
[White "Del Rio Crespo, Jose Antonio"]
[Black "Losada Torroella, Carles"]
[Result "1-0"]
[WhiteElo "1723"]
[BlackElo "1829"]
[PlyCount "53"]
[EventDate "2016.04.10"]
[EventType "swiss"]
[EventRounds "9"]
[EventCountry "ESP"]
[SourceTitle "EXT 2017"]
[Source "ChessBase"]
[SourceDate "2016.10.25"]
[SourceVersion "1"]
[SourceVersionDate "2016.10.25"]
[SourceQuality "1"]

1. d4 d5 2. Nf3 Nf6 3. Bf4 e6 4. e3 Bb4+ 5. c3 Be7 6. Nbd2 0-0 7. Bd3 c6 8. e4 dxe4 9. Nxe4 Nxe4 10. Bxe4 f5 11. Bc2 Nd7 12. Qe2 Nf6 13. h3 Nd5 14. Be5 Bf6 15. 0-0-0 Bg5+ 16. Kb1 Bf6 17. Rdg1 Qb6 18. Qd3 Bxe5 19. Nxe5 a5 20. g4 Nf4 21. Qf3 fxg4 22. Qxg4 Ng6 23. Qh5 Nxe5 24. Qxh7+ Kf7 25. Qxg7+ Ke8 26. Qxe5 Bd7 27. Qd6 1-0

[Event "Foment Martinenc op-B 17th"]
[Site "Barcelona"]
[Date "2015.06.13"]
[Round "8"]
[White "Martinez Aguero, Francisco"]
[Black "Losada Torroella, Carles"]
[Result "1/2-1/2"]
[WhiteElo "1842"]
[BlackElo "1858"]
[PlyCount "139"]
[EventDate "2015.04.25"]
[EventType "swiss"]
[EventRounds "9"]
[EventCountry "ESP"]
[SourceTitle "EXT 2017"]
[Source "ChessBase"]
[SourceDate "2016.10.25"]
[SourceVersion "1"]
[SourceVersionDate "2016.10.25"]
[SourceQuality "1"]

1. d4 d5 2. Nf3 Nf6 3. Bf4 e6 4. h3 Bb4+ 5. c3 Ba5 6. e3 0-0 7. Bd3 c6 8. 0-0 Nbd7 9. Nbd2 b5 10. b4 Bc7 11. Bxc7 Qxc7 12. Re1 a5 13. e4 dxe4 14. Nxe4 Nxe4 15. Bxe4 axb4 16. cxb4 f5 17. Bd3 Nf6 18. Qc2 Qd6 19. a3 Bd7 20. Qc3 Nd5 21. Qd2 Qf4 22. Qxf4 Nxf4 23. Bc2 Ng6 24. Bb3 Nf4 25. Bc2 Ng6 26. g3 h6 27. Bb3 Rae8 28. Ne5 Nxe5 29. Rxe5 Kh8 30. a4 bxa4 31. Rxa4 f4 32. Ra7 Re7 33. g4 f3 34. Bxe6 Rxe6 35. Rxd7 Rxe5 36. dxe5 Re8 37. Rd3 Rxe5 38. Rxf3 Rb5 39. Rf8+ Kh7 40. Rc8 Rb6 41. Kf1 Kg6 42. f4 Kf6 43. Ke2 g5 44. f5 Rxb4 45. Rxc6+ Kg7 46. Rc3 Rf4 47. Ke3 Kf6 48. Rc6+ Kg7 49. Rc1 Kf6 50. Rd1 Ke5 51. Rd8 Re4+ 52. Kf2 Rf4+ 53. Kg2 Kf6 54. Re8 Kf7 55. Re6 Kg7 56. Re3 Kf6 57. Rf3 Re4 58. Kg3 Re1 59. h4 Rg1+ 60. Kh2 Rxg4 61. hxg5+ Rxg5 62. Kh3 Rxf5 63. Rxf5+ Kxf5 64. Kg3 Kg5 65. Kh2 h5 66. Kg3 h4+ 67. Kh3 Kh5 68. Kg2 Kg4 69. Kh2 h3 70. Kg1 1/2-1/2

[Event "Foment Martinenc op-C 16th"]
[Site "Barcelona"]
[Date "2014.06.14"]
[Round "8"]
[White "Archs Garriga, Ignasi"]
[Black "Losada Torroella, Carles"]
[Result "0-1"]
[WhiteElo "1824"]
[BlackElo "1700"]
[PlyCount "72"]
[EventDate "2014.04.26"]
[EventType "swiss"]
[EventRounds "9"]
[EventCountry "ESP"]
[SourceTitle "EXT 2015"]
[Source "ChessBase"]
[SourceDate "2014.11.20"]
[SourceVersion "1"]
[SourceVersionDate "2014.11.20"]
[SourceQuality "1"]

1. c4 e5 2. Nc3 Nf6 3. Nf3 Nc6 4. a3 e4 5. Ng5 h6 6. Ngxe4 Nxe4 7. Nxe4 d6 8. d3 Be6 9. Nc3 Be7 10. e4 Bf6 11. Be3 0-0 12. Be2 Nd4 13. 0-0 Nxe2+ 14. Qxe2 Qd7 15. f4 Qe7 16. f5 Bd7 17. Nd5 Qd8 18. Rf3 c6 19. Nxf6+ Qxf6 20. Rh3 g5 21. Rf1 Kh7 22. Kh1 Rh8 23. Rh5 Kg7 24. Qf2 c5 25. b4 b6 26. Qg3 Rag8 27. b5 Kf8 28. Rd1 Qe5 29. Qe1 f6 30. Bf2 Qe8 31. g4 Rg7 32. d4 Re7 33. e5 dxe5 34. dxc5 Bxf5 35. Qg1 Qa8+ 36. c6 Be4+ 0-1